Obálka Náhled e-knihy:
Epub
Pro půjčování e-knih musíte být přihlášeni.
Jak si půjčit online?

Boží mlýny /

Historická detektivka ze středověké Prahy ze série s podrychtářem Václavem od Černého koně.

Uloženo v:
Série:Podrychtář Václav, část 7
Hlavní autor: Hrdlička, Pavel, 1942-2021 (Autor)
Médium: E-kniha
Jazyk:Czech
Vydáno: Praha : Euromedia Group, 2022
Vydání:Vydání první
Témata:
On-line přístup:Plný text - pro registrované uživatele NK ČR
Příbuzné jednotky:Z cyklu:: Podrychtář Václav
Tagy:
Žádné tagy
LEADER 02410nam a2200481 i 4500
001 311803
003 CZ PrSKC
005 20260601215712.0
007 ta
008 221129s2022 xr a g 000 f cze
015 |a cnb003444395 
020 |a 9788024284675  |q (vázáno) 
035 |a (OCoLC)1369539528 
040 |a ABG001  |b cze  |e rda 
072 7 |a 821.162.3-3  |x Česká próza  |2 Konspekt 
080 |a 821.162.3-31  |2 MRF 
080 |a (0:82-311.6)  |2 MRF 
080 |a (0:82-312.4)  |2 MRF 
100 1 |a Hrdlička, Pavel,  |d 1942-2021  |7 xx0159778  |4 aut 
245 1 0 |a Boží mlýny /  |c Pavel Hrdlička 
250 |a Vydání první 
264 1 |a Praha :  |b Euromedia Group,  |c 2022 
300 |a 199 stran :  |b ilustrace ;  |c 21 cm 
336 |a text  |b txt  |2 rdacontent 
337 |a bez média  |b n  |2 rdamedia 
338 |a svazek  |b nc  |2 rdacarrier 
500 |a V prelimináriích uvedeno nakladatelství: Brána 
520 2 |a Historická detektivka ze středověké Prahy ze série s podrychtářem Václavem od Černého koně.  |b V románu Pavla Hrdličky se opět přesuneme o několik století do minulosti, konkrétně do 14. století, kdy na Velikonoce probíhal v Praze pogrom zaměřený proti Židům. Autor v románu opět velmi barvitě popisuje nejenom Prahu této doby, ale také rozplétá napínavý detektivní příběh na pozadí tehdejších událostí. Nakladatelská anotace. 
655 7 |a české romány  |7 fd133974  |2 czenas 
655 7 |a historické romány  |7 fd132414  |2 czenas 
655 7 |a detektivní romány  |7 fd132010  |2 czenas 
655 9 |a Czech fiction  |2 eczenas 
655 9 |a historical novels  |2 eczenas 
655 9 |a detective novels  |2 eczenas 
787 0 8 |i Z cyklu:  |t Podrychtář Václav  |g 7 
856 4 1 |u https://www.bookport.cz/AccountSaml/SignIn/?idp=https%3A%2F%2Fshibboleth.nkp.cz%2Fidp%2Fshibboleth&returnUrl=/kniha/bozi-mlyny-13773/  |y Plný text - pro registrované uživatele NK ČR  |4 N 
900 |a ABA001  |b 19 
928 9 |a Euromedia Group - Brána 
928 9 |a Brána 
044 |a xr 
910 |a RBIT002 
998 |d 366241  |a https://core.palmknihy.cz/api/books/366241/cover?rnykm1  |b https://core.palmknihy.cz/api/books/366241/cover/400?rnykm1  |c https://core.palmknihy.cz/api/books/366241/cover/50?rnykm1  |e 2029-05-02  |g 200  |i 9788024284675  |j https://core.palmknihy.cz/api/books/366241/preview.epub  |l   |q 49  |r 1  |s https://www.palmknihy.cz/kniha/366241  |t ebook  |y 2022  |z 0 
999 |d 311801